Catálogo
 En Linea

Poder aéreo en la República Dominicana : (Registro nro. 28370)

Detalles MARC
000 -CABECERA
campo de control de longitud fija 01593nam a2200241 a 4500
001 - NÚMERO DE CONTROL
campo de control 000028878
005 - FECHA Y HORA DE LA ÚLTIMA TRANSACCIÓN
campo de control 20200930055207.0
008 - DATOS DE LONGITUD FIJA--INFORMACIÓN GENERAL
campo de control de longitud fija 110412s2012 dr ac 000 0 spa d
020 ## - NÚMERO INTERNACIONAL ESTÁNDAR DEL LIBRO
Número Internacional Estándar del Libro 9789945489279
040 ## - FUENTE DE LA CATALOGACIÓN
Centro catalogador/agencia de origen DO-SdBNP
Lengua de catalogación spa
Centro/agencia transcriptor BNPHU
082 ## - NÚMERO DE LA CLASIFICACIÓN DECIMAL DEWEY
Número de clasificación 359.94
Número de documento/Ítem O77p
100 1# - ENTRADA PRINCIPAL--NOMBRE DE PERSONA
Nombre de persona Ortega Vergés, Carlos M.,
Fechas asociadas al nombre 1969-
9 (RLIN) 55848
245 10 - MENCIÓN DE TÍTULO
Título Poder aéreo en la República Dominicana :
Resto del título historia de la aviación militar /
Mención de responsabilidad, etc. Carlos M. Ortega Vergés.
260 ## - PUBLICACIÓN, DISTRIBUCIÓN, ETC.
Lugar de publicación, distribución, etc. Santo Domingo :
Nombre del editor, distribuidor, etc. Búho,
Fecha de publicación, distribución, etc. 2012.
300 ## - DESCRIPCIÓN FÍSICA
Extensión 246 p. :
Otras características físicas il., retrs. ;
Dimensiones 27cm.
500 ## - NOTA GENERAL
Nota general Incluye datos biográficos del autor en la solapa de la cubierta.
504 ## - NOTA DE BIBLIOGRAFÍA, ETC.
Nota de bibliografía, etc. Incluye bibliografía y notas al pie de páginas.
505 0# - NOTA DE CONTENIDO CON FORMATO
Información miscelánea Prólogo /
Mención de responsabilidad Pedro R. Peña Antonio --
Título Leyendas de la aviación --
-- Antecedentes históricos de la República Dominicana (1910-1930) --
-- Creación de la aviación militar (1931-1940) --
-- Nacimiento de la Fuerza Aérea Dominicana (1941-1950) --
-- Época de Oro de la Fuerza Aérea Dominicana (1951-1960) --
-- Desarrollo de la Fuerza Aérea Dominicana (1961-1970) --
-- Desarrollo de la Fuerza Aérea Dominicana (1971-1980) --
-- Desarrollo de la Fuerza Aérea Dominicana (1981-1990) --
-- Desarrollo de la Fuerza Aérea Dominicana (1991-2000) --
-- Desarrollo de la Fuerza Aérea Dominicana (2001-Actualidad) --
-- Datos interesantes de la aviación --
Información miscelánea Galería fotográfica --
-- Generales.
590 ## - NOTA LOCAL (RLIN)
Nota local Inventariado, 2018/ YL
650 #4 - PUNTO DE ACCESO ADICIONAL DE MATERIA--TÉRMINO DE MATERIA
Término de materia o nombre geográfico como elemento de entrada Aviación militar
Subdivisión geográfica República Dominicana
9 (RLIN) 55849
651 #4 - PUNTO DE ACCESO ADICIONAL DE MATERIA--NOMBRE GEOGRÁFICO
Nombre geográfico República Dominicana
Subdivisión general Fuerza Aérea
-- Historia
9 (RLIN) 11639
910 ## - DATOS DE OPCIÓN DEL USUARIO (OCLC)
Datos de opción del usuario Validado. Control de calidad EMS.
Existencias
Estado de retiro Estado de pérdida Restricciones de uso No para préstamo Código de colección Localización permanente Ubicación/localización actual Ubicación en estantería Fecha de adquisición Número de inventario Total de préstamos Signatura topográfica completa Código de barras Fecha visto por última vez Número de copia Precio válido a partir de Tipo de ítem Koha
        Dominicana de Servicio General General Depósito 13.11.2012 LF1   359.94 O77p 28878-30 25.06.2020 e.3 25.06.2020 Libro y Folleto Colección Dominicana de Servicio
        Dominicana de Servicio General General Depósito 15.11.2012 LF1   359.94 O77p 28878-40 25.06.2020 e.4 25.06.2020 Libro y Folleto Colección Dominicana de Servicio
        Dominicana de Servicio General General Depósito 15.11.2012 LF1   359.94 O77p 28878-50 25.06.2020 e.5 25.06.2020 Libro y Folleto Colección Dominicana de Servicio
      Excluido de préstamo Patrimonio Dominicano Patrimonio Dominicano Patrimonio Dominicano Depósito 12.04.2011 LF1   359.94 O77p 28878-10 25.06.2020   25.06.2020 Libro y Folleto Colección Patrimonio Dominicano
      Excluido de préstamo Patrimonio Dominicano Patrimonio Dominicano Patrimonio Dominicano Depósito 13.11.2012 LF1   359.94 O77p 28878-20 25.06.2020 e.2 25.06.2020 Libro y Folleto Colección Patrimonio Dominicano

Con tecnología Koha